[Event "BL 1516 OSG Baden Baden - Bayern Münch"]
[Site "?"]
[Date "2015.09.19"]
[Round "7.7"]
[White "Richter, Wolfgang"]
[Black "Gustafsson, Jan"]
[Result "1/2-1/2"]
[WhiteElo "2385"]
[BlackElo "2634"]
[PlyCount "118"]
[EventDate "2015.??.??"]

1. d4 Nf6 2. Nf3 g6 3. g3 Bg7 4. Bg2 c5 5. O-O cxd4 6. Nxd4 O-O 7. c4 Nc6 8.
Nc3 Qa5 9. Nc2 d6 10. Nd5 Nxd5 11. cxd5 Ne5 12. Bd2 Qb6 13. Bc3 Bf5 14. Ne3 Bd7
15. Qb3 Qxb3 16. axb3 Bb5 17. Rfc1 Bxe2 18. f4 Nd7 19. Bxg7 Kxg7 20. Rc7 Rfd8
21. Bh3 Nc5 22. b4 Nd3 23. Rxb7 Kf8 24. Nc2 Bf3 25. Bg2 Bxg2 26. Kxg2 a6 27.
Nd4 Rab8 28. Rxb8 Rxb8 29. Rxa6 Rxb4 30. Nc6 Rxb2+ 31. Kf3 Rxh2 32. Ra8+ Kg7
33. Nxe7 Nc5 34. Nc8 Rd2 35. Nxd6 Rd3+ 36. Kg2 Rxd5 37. Ne8+ Kh6 38. Ra7 Rd8
39. Re7 Ne6 40. Kf2 g5 41. Nc7 Nxc7 42. Rxc7 f6 43. fxg5+ fxg5 44. g4 Rd6 45.
Rc5 Kg6 46. Ra5 h6 47. Kf3 Rb6 48. Kg3 Kf6 49. Kf3 Ke6 50. Ke4 Rb4+ 51. Kf3
Rb3+ 52. Ke4 Rh3 53. Ra6+ Kd7 54. Kf5 Rf3+ 55. Kg6 Rf4 56. Kxh6 Rxg4 57. Ra5
Ke6 58. Rxg5 Rxg5 59. Kxg5 Ke5 1/2-1/2

[Event "BL 1516 OSG Baden Baden - Bayern Münch"]
[Site "?"]
[Date "2015.09.19"]
[Round "7.8"]
[White "Schlosser, Philipp"]
[Black "Unzicker, Ferdinand"]
[Result "1-0"]
[WhiteElo "2568"]
[BlackElo "2321"]
[PlyCount "65"]
[EventDate "2015.??.??"]

1. c4 e5 2. g3 Nc6 3. Bg2 f5 4. Nc3 Nf6 5. e3 d5 6. cxd5 Nb4 7. d3 Nfxd5 8.
Nxd5 Nxd5 9. Nf3 Bd6 10. O-O Nf6 11. b4 Qe7 12. Bb2 O-O 13. b5 Kh8 14. Nd2 f4
15. exf4 exf4 16. Nc4 Ng4 17. Re1 fxg3 18. fxg3 Qg5 19. Nxd6 Qc5+ 20. d4 Qxd6
21. d5 Qh6 22. h4 Nf6 23. Qd3 Ng8 24. Rac1 a6 25. d6 Bf5 26. Qd4 cxd6 27. Rc7
Nf6 28. Ree7 axb5 29. Rxg7 Rxa2 30. Qxd6 Qe3+ 31. Kh2 Raa8 32. Rxh7+ Bxh7 33.
Bxf6+ 1-0

[Event "BL 1516 Schwäbisch Hall - Erfurter SK"]
[Site "?"]
[Date "2015.09.19"]
[Round "7.1"]
[White "Romanov, Evgeny"]
[Black "Li, Chao"]
[Result "0-1"]
[WhiteElo "2573"]
[BlackElo "2756"]
[PlyCount "136"]
[EventDate "2015.??.??"]

1. d4 Nf6 2. c4 g6 3. Nc3 d5 4. Nf3 Bg7 5. Qa4+ Bd7 6. Qb3 dxc4 7. Qxc4 Be6 8.
Qb5+ Bd7 9. Qxb7 Nc6 10. Qb3 Rb8 11. Qd1 Bf5 12. a3 O-O 13. e3 e5 14. Nxe5 Nxe5
15. dxe5 Ne4 16. Qxd8 Rfxd8 17. Nxe4 Bxe4 18. f3 Bc2 19. f4 f6 20. exf6 Bxf6
21. Bc4+ Kg7 22. Kf2 a5 23. Re1 Be4 24. a4 Rb4 25. Be2 c5 26. Bf3 Bd3 27. Ra2
Bc4 28. Ra1 h5 29. Rd1 Rxd1 30. Bxd1 Bxb2 31. Bxb2+ Rxb2+ 32. Kf3 Bd3 33. Rc1
c4 34. e4 h4 35. h3 Kf6 36. Ke3 Rxg2 37. Bg4 Ra2 38. Kd4 Rxa4 39. f5 gxf5 40.
Bxf5 Be2 41. Rg1 c3+ 42. Kxc3 Ke5 43. Rg7 Rc4+ 44. Kd2 Bf1 45. Rg1 Rd4+ 46. Kc3
Rd3+ 47. Kc2 Rf3 48. Rg5 Kd4 49. Bd7 Bd3+ 50. Kb2 Rf2+ 51. Ka1 Bc4 52. e5 a4
53. Rg4+ Kc3 54. Rg1 Re2 55. e6 Bb3 56. Kb1 a3 57. Rf1 Kd4 58. Ka1 Kc5 59. Rc1+
Kd6 60. Bc8 Re3 61. Rb1 Ke7 62. Rc1 Rxh3 63. Rc7+ Kf6 64. Rf7+ Kg6 65. Rf1 Re3
66. Rh1 Kf6 67. Kb1 Ke7 68. Kc1 Rc3+ 0-1

[Event "BL 1516 Schwäbisch Hall - Erfurter SK"]
[Site "?"]
[Date "2015.09.19"]
[Round "7.2"]
[White "Gharamian, Tigran"]
[Black "Vovk, Andrey"]
[Result "1/2-1/2"]
[WhiteElo "2660"]
[BlackElo "2611"]
[PlyCount "39"]
[EventDate "2015.??.??"]

1. e4 c5 2. Nf3 d6 3. d4 cxd4 4. Nxd4 Nf6 5. Nc3 Nc6 6. Bg5 e6 7. Qd2 a6 8.
Nxc6 bxc6 9. O-O-O Be7 10. Bxf6 gxf6 11. Bc4 Qa5 12. Rhe1 Rb8 13. f4 Bd7 14.
Qd3 Qb6 15. Bb3 Qf2 16. Rf1 Qxg2 17. Rd2 Qg4 18. Qxa6 f5 19. Qa7 Rd8 20. Kb1
1/2-1/2

[Event "BL 1516 Schwäbisch Hall - Erfurter SK"]
[Site "?"]
[Date "2015.09.19"]
[Round "7.3"]
[White "Mihok, Oliver"]
[Black "Postny, Evgeny"]
[Result "0-1"]
[WhiteElo "2515"]
[BlackElo "2653"]
[PlyCount "270"]
[EventDate "2015.??.??"]

1. e4 e5 2. Nf3 Nc6 3. Nc3 Nf6 4. Be2 d5 5. exd5 Nxd5 6. O-O Nxc3 7. bxc3 e4 8.
Ne1 Bd6 9. f3 exf3 10. Nxf3 O-O 11. d4 h6 12. Rb1 b6 13. Bd3 Ne7 14. c4 Bg4 15.
h3 Bh5 16. Rb5 Bg6 17. Bxg6 Nxg6 18. Qd3 Qd7 19. Rf5 Rad8 20. Be3 Rde8 21. Bd2
c6 22. Nh2 Bxh2+ 23. Kxh2 Qd6+ 24. Kh1 Rd8 25. Be3 Rd7 26. a4 Re8 27. a5 Nh4
28. R5f4 g5 29. R4f2 Qg3 30. Bc1 Qxd3 31. cxd3 bxa5 32. Bb2 Rb8 33. Bc3 Rb3 34.
Bxa5 Rxd3 35. Rf6 Ng6 36. Rxc6 R7xd4 37. Rc8+ Kg7 38. Rc7 Ne5 39. Rxa7 Rd1 40.
Rxd1 Rxd1+ 41. Kh2 Nxc4 42. Bc3+ Kg6 43. Ra6+ Kh7 44. Ra7 Rf1 45. g4 Rf3 46.
Bd4 Rf4 47. Rd7 Nd2 48. Kg2 Nf3 49. Bf2 Ne5 50. Rc7 Ng6 51. Be1 Rf6 52. Bg3 Kg7
53. Rd7 Rc6 54. Rd2 Rc3 55. Ra2 Rb3 56. Rc2 Rb7 57. Rf2 Re7 58. Ra2 Re4 59. Kf3
Rb4 60. Kg2 Rc4 61. Rf2 f6 62. Ra2 Nh8 63. Ra7+ Nf7 64. Ra8 Rc2+ 65. Kf3 Rd2
66. Rc8 Rd4 67. Ke3 Rd5 68. Kf3 Rd3+ 69. Kg2 Nd8 70. Rc7+ Kg6 71. Re7 Rd2+ 72.
Kf1 h5 73. gxh5+ Kxh5 74. Re2 Rd3 75. Kg2 Nf7 76. Re6 Kg6 77. Ra6 Rd2+ 78. Kf3
Rd3+ 79. Kg2 Rd5 80. Kf3 Nh6 81. Bf2 Rd3+ 82. Kg2 Nf5 83. Ra4 Rd2 84. Kf3 Nh6
85. Ra6 Rd5 86. Kg2 Nf5 87. Kf3 Rd3+ 88. Kg2 Nd6 89. Ra4 f5 90. Rd4 Rxd4 91.
Bxd4 f4 92. Bb6 Kf5 93. Bd8 Nf7 94. Be7 Ne5 95. Kf2 Nc6 96. Bf8 Na5 97. Be7 Nc4
98. Bd8 Nd2 99. Be7 Nb3 100. Bd8 Nc1 101. Be7 Nd3+ 102. Kf3 Ne5+ 103. Kf2 Ng6
104. Bd8 Nh4 105. Be7 Kg6 106. Bd8 Nf5 107. Kf3 Kh5 108. Bf6 Ne3 109. Bd4 Kh4
110. Bf6 Nc4 111. Kg2 Nd2 112. Be7 Nb3 113. Bf6 Nc5 114. Be7 Nd7 115. Bd6 Nf6
116. Be7 Nd5 117. Bd8 Ne3+ 118. Kf3 Nc4 119. Be7 Nd2+ 120. Kg2 Kh5 121. Bb4 Nc4
122. Be7 Kg6 123. Kf3 Kf5 124. Bd8 Ne5+ 125. Kf2 Nc6 126. Bc7 Ke4 127. Bd6 f3
128. Bc7 Nd4 129. Bd8 Ne6 130. Be7 Nf4 131. Kg3 Ke3 132. Bc5+ Ke2 133. h4 Ng2
134. hxg5 Ne3 135. Bxe3 Kxe3 0-1

[Event "BL 1516 Schwäbisch Hall - Erfurter SK"]
[Site "?"]
[Date "2015.09.19"]
[Round "7.4"]
[White "Cornette, Matthieu"]
[Black "Kuczynski, Robert"]
[Result "1/2-1/2"]
[WhiteElo "2591"]
[BlackElo "2487"]
[PlyCount "42"]
[EventDate "2015.??.??"]

1. d4 d5 2. c4 c6 3. Nf3 Nf6 4. g3 Bf5 5. Nc3 e6 6. Nh4 Bg4 7. h3 Bh5 8. g4 Bg6
9. Nxg6 hxg6 10. g5 Ne4 11. Nxe4 dxe4 12. a3 Be7 13. Qb3 Qb6 14. Qc3 Nd7 15.
Bf4 Rh4 16. e3 c5 17. d5 e5 18. Bg3 Rh7 19. Bxe5 Bxg5 20. O-O-O O-O-O 21. Rd2
f6 1/2-1/2

[Event "BL 1516 Schwäbisch Hall - Erfurter SK"]
[Site "?"]
[Date "2015.09.19"]
[Round "7.5"]
[White "Braeuer, Franz"]
[Black "Michalik, Peter"]
[Result "0-1"]
[WhiteElo "2413"]
[BlackElo "2570"]
[PlyCount "94"]
[EventDate "2015.??.??"]

1. e4 c6 2. Nc3 d5 3. d4 dxe4 4. Nxe4 Bf5 5. Ng3 Bg6 6. h4 h6 7. Nf3 Nd7 8. h5
Bh7 9. Bd3 Bxd3 10. Qxd3 e6 11. Bd2 Ngf6 12. O-O-O Be7 13. Kb1 O-O 14. Ne4 Nxe4
15. Qxe4 Nf6 16. Qe2 Qd5 17. Rde1 Qb5 18. c4 Qf5+ 19. Ka1 Rfd8 20. Rh4 Ng4 21.
Rhh1 a5 22. Bc3 Bb4 23. Nh4 Qxh5 24. Nf3 Qf5 25. Nh4 Qg5 26. Nf3 Qe7 27. Bd2 b5
28. Rh4 Rxd4 29. Nxd4 Qxh4 30. Bxb4 axb4 31. g3 Qg5 32. Nxc6 b3 33. a3 bxc4 34.
Qxc4 Qd2 35. Qe2 Qd6 36. Rc1 f5 37. Kb1 Kh7 38. f4 Rc8 39. Ne5 Rxc1+ 40. Kxc1
Qc5+ 41. Kd1 Nf2+ 42. Kd2 Qd4+ 43. Ke1 Ne4 44. Nf3 Qc5 45. Kd1 Nxg3 46. Qd3 Qf2
47. Qxb3 Nf1 0-1

[Event "BL 1516 Schwäbisch Hall - Erfurter SK"]
[Site "?"]
[Date "2015.09.19"]
[Round "7.6"]
[White "Bai, Jinshi"]
[Black "Enders, Peter"]
[Result "1-0"]
[WhiteElo "2519"]
[BlackElo "2460"]
[PlyCount "97"]
[EventDate "2015.??.??"]

1. d4 Nf6 2. c4 e6 3. g3 c5 4. d5 exd5 5. cxd5 d6 6. Nc3 g6 7. Nf3 Bg7 8. Bg2
O-O 9. O-O Re8 10. Re1 Nbd7 11. e4 a6 12. a4 Qc7 13. Bf4 Ng4 14. Nd2 Nge5 15.
Bf1 Rb8 16. Rc1 Qb6 17. b3 Qb4 18. Na2 Qa5 19. Be3 b5 20. f4 bxa4 21. bxa4 Rb2
22. fxe5 Rxa2 23. Nc4 Qxa4 24. Qxa4 Rxa4 25. Nxd6 Bxe5 26. Nxe8 Kf8 27. Nd6
Bxd6 28. Ra1 Rxa1 29. Rxa1 Nf6 30. Ra4 Ke8 31. Bf4 Bxf4 32. gxf4 Bd7 33. Rxa6
Nxe4 34. Bd3 Nc3 35. d6 Bb5 36. Bxb5+ Nxb5 37. Rb6 Nc3 38. Rb7 h6 39. Kg2 f6
40. Kf3 f5 41. Rg7 Ne4 42. Rxg6 Kd7 43. Rxh6 Nxd6 44. h4 Ke7 45. h5 Ne4 46. Rc6
c4 47. Ke3 Kf7 48. Rxc4 Nf6 49. Rc5 1-0

[Event "BL 1516 Schwäbisch Hall - Erfurter SK"]
[Site "?"]
[Date "2015.09.19"]
[Round "7.7"]
[White "Casper, Thomas"]
[Black "Wirig, Anthony"]
[Result "1/2-1/2"]
[WhiteElo "2383"]
[BlackElo "2500"]
[PlyCount "42"]
[EventDate "2015.??.??"]

1. e4 e6 2. d4 d5 3. exd5 exd5 4. Nf3 Nc6 5. Bb5 Bd6 6. O-O Nge7 7. Re1 O-O 8.
c3 h6 9. Nbd2 Ng6 10. Nf1 Nce7 11. Bd3 Bf5 12. Bxf5 Nxf5 13. Ne3 Nxe3 14. Bxe3
c6 15. Qd3 Qd7 16. Bd2 Rae8 17. Rxe8 Rxe8 18. Re1 Rxe1+ 19. Nxe1 Qe6 20. Qe3
Nf4 21. Qxe6 Nxe6 1/2-1/2

[Event "BL 1516 Schwäbisch Hall - Erfurter SK"]
[Site "?"]
[Date "2015.09.19"]
[Round "7.8"]
[White "Zeller, Frank"]
[Black "Mueller, Matthias"]
[Result "1/2-1/2"]
[WhiteElo "2394"]
[BlackElo "2388"]
[PlyCount "83"]
[EventDate "2015.??.??"]

1. e4 e5 2. f4 Bc5 3. Nc3 d6 4. Nf3 Nf6 5. Bc4 Nc6 6. d3 Bg4 7. Na4 O-O 8. Nxc5
dxc5 9. O-O Qd6 10. Qd2 Bxf3 11. gxf3 Rad8 12. Kh1 Nd7 13. Rg1 Nb6 14. Bb3 c4
15. Qg2 g6 16. dxc4 Qc5 17. f5 a5 18. a3 Nxc4 19. Bh6 Rfe8 20. Rad1 Nd4 21. Ba2
a4 22. Rd3 Rd6 23. Rc3 b5 24. b4 axb3 25. cxb3 Qxa3 26. Rgc1 Ra6 27. bxc4 Qxa2
28. cxb5 Qxg2+ 29. Kxg2 Ra2+ 30. Kh3 Ne2 31. Rxc7 Nxc1 32. b6 Ne2 33. b7 Ng1+
34. Kg3 Ne2+ 35. Kh4 Raa8 36. bxa8=Q Rxa8 37. Bg5 Nd4 38. Kg3 gxf5 39. Bf6 fxe4
40. fxe4 h6 41. Bxe5 Ne6 42. Rc4 1/2-1/2

[Event "BL 1516 Hamburger SK - SK Norderstedt"]
[Site "?"]
[Date "2015.12.11"]
[Round "7.2"]
[White "Miton, Kamil"]
[Black "Bekker-Jensen, Simon"]
[Result "1-0"]
[WhiteElo "2608"]
[BlackElo "2449"]
[PlyCount "91"]
[EventDate "2015.??.??"]

1. e4 c5 2. Nf3 d6 3. Bb5+ Nd7 4. d4 cxd4 5. Qxd4 a6 6. Bxd7+ Bxd7 7. Nc3 e5 8.
Qd3 h6 9. O-O Nf6 10. a4 Be7 11. Nd2 Rc8 12. Nc4 Qc7 13. Ne3 Be6 14. Rd1 O-O
15. Bd2 Qc5 16. Be1 Rfd8 17. a5 Bc4 18. Qd2 Qc6 19. f3 Ne8 20. Nxc4 Qxc4 21.
Bf2 Nf6 22. Ra4 Qc6 23. Raa1 Qc4 24. Qd3 Qxd3 25. Rxd3 Rc6 26. Ra4 Rdc8 27. Rb4
R8c7 28. Rb3 Kf8 29. Kf1 Rd7 30. Bb6 Ke8 31. Rd2 Bd8 32. Na4 Rc4 33. Bxd8 Rxd8
34. Nb6 Rc5 35. Rbd3 Rxa5 36. Nc4 Ra2 37. Nxd6+ Kf8 38. Nxb7 Rxd3 39. cxd3 Ke7
40. Rc2 Ne8 41. Ke2 Kd7 42. Nc5+ Kd6 43. Nb3 Ra4 44. d4 exd4 45. Kd3 Nc7 46.
e5+ 1-0

[Event "BL 1516 Hamburger SK - SK Norderstedt"]
[Site "?"]
[Date "2015.12.11"]
[Round "7.3"]
[White "Kopylov, Michael"]
[Black "Ftacnik, Lubomir"]
[Result "1/2-1/2"]
[WhiteElo "2404"]
[BlackElo "2558"]
[PlyCount "86"]
[EventDate "2015.??.??"]

1. d4 Nf6 2. c4 g6 3. g3 Bg7 4. Bg2 d5 5. Nf3 O-O 6. cxd5 Nxd5 7. O-O Nb6 8.
Nc3 Nc6 9. d5 Na5 10. Qc2 Nxd5 11. Rd1 c6 12. e4 Nb4 13. Qa4 b5 14. Rxd8 bxa4
15. Rxf8+ Kxf8 16. Nxa4 Nc4 17. Bf1 Nb6 18. Nc5 Nc2 19. Rb1 Bg4 20. Kg2 Rd8 21.
Bf4 Ke8 22. b3 Bxf3+ 23. Kxf3 e5 24. Bg5 f6 25. Be3 Nxe3 26. Kxe3 Bh6+ 27. Kf3
Rd2 28. a4 Rc2 29. b4 Rc3+ 30. Ke2 Nc4 31. Bh3 Nd2 32. Rd1 Nf3 33. Rd7 Ng1+ 34.
Kf1 Nxh3 35. Rxh7 Bf8 36. Rxh3 a5 37. Rh8 axb4 38. Ne6 b3 39. Kg2 Rc4 40. Rxf8+
Ke7 41. Rb8 Kxe6 42. Rxb3 Rxa4 43. Kf3 c5 1/2-1/2

[Event "BL 1516 Hamburger SK - SK Norderstedt"]
[Site "?"]
[Date "2015.12.11"]
[Round "7.4"]
[White "Lampert, Jonas"]
[Black "Krause, Benedict"]
[Result "0-1"]
[WhiteElo "2463"]
[BlackElo "2304"]
[PlyCount "84"]
[EventDate "2015.??.??"]

1. d4 Nf6 2. c4 g6 3. Nc3 d5 4. cxd5 Nxd5 5. Bd2 Nb6 6. Bf4 Bg7 7. Nf3 O-O 8.
e3 N8d7 9. Be2 c5 10. d5 f5 11. Qb3 c4 12. Bxc4 Nc5 13. Qb4 Nxc4 14. Qxc4 b6
15. d6+ e6 16. a4 Ba6 17. Nb5 Qd7 18. Ne5 Bxe5 19. Bxe5 Nxa4 20. Qxa4 Bxb5 21.
Qf4 Qc6 22. Bc3 Qxg2 23. O-O-O Qe4 24. Qh6 Rf7 25. Rhg1 e5 26. f3 Qxf3 27. Bxe5
Rc8+ 28. Bc3 Rxc3+ 29. bxc3 Qc6 30. Kb2 Bc4 31. Qf4 Qa4 32. Qd4 Qa2+ 33. Kc1
Qa1+ 34. Kc2 Qa2+ 35. Kc1 Bb3 36. Qd3 Qa1+ 37. Kd2 Qb2+ 38. Ke1 Bxd1 39. Qxd1
Qxc3+ 40. Ke2 Qc4+ 41. Ke1 Rd7 42. Rg2 Qb4+ 0-1

[Event "BL 1516 Hamburger SK - SK Norderstedt"]
[Site "?"]
[Date "2015.12.11"]
[Round "7.5"]
[White "Powierski, Emil"]
[Black "Rogozenco, Dorian"]
[Result "0-1"]
[WhiteElo "2281"]
[BlackElo "2514"]
[PlyCount "154"]
[EventDate "2015.??.??"]

1. e4 c5 2. Nf3 e6 3. d4 cxd4 4. Nxd4 Nf6 5. Nc3 Nc6 6. Ndb5 d6 7. Bf4 e5 8.
Bg5 a6 9. Na3 b5 10. Nd5 Be7 11. Bxf6 Bxf6 12. c3 O-O 13. Nc2 Rb8 14. a3 Bg5
15. Bd3 Be6 16. Nce3 Ne7 17. Bc2 Bxe3 18. Nxe3 d5 19. exd5 Nxd5 20. Qh5 g6 21.
Qxe5 Nxe3 22. fxe3 Re8 23. Qd4 Qxd4 24. cxd4 Bb3 25. Rc1 Rxe3+ 26. Kd2 Rbe8 27.
Bd3 Bd5 28. Rhg1 R3e6 29. g3 Rd8 30. Rgf1 Red6 31. Rf4 g5 32. Rf5 h6 33. Ke3
Be6 34. Rfc5 Rxd4 35. R1c3 R8d6 36. Be4 Rd1 37. Rc6 Re1+ 38. Kf2 Rdd1 39. Bf3
Rf1+ 40. Kg2 Rg1+ 41. Kf2 Rgf1+ 42. Kg2 Ra1 43. Rxa6 Rfb1 44. Rc2 Ra2 45. Be2
Rbxb2 46. Rxb2 Rxb2 47. Kf3 Kg7 48. Rb6 Rb3+ 49. Kf2 Rxa3 50. Rxb5 Ra2 51. Rb4
h5 52. Ke3 Ra3+ 53. Kf2 g4 54. Rd4 Kg6 55. Rd3 Ra2 56. Rd4 h4 57. Ke3 Kg5 58.
Rd2 Ra3+ 59. Rd3 Ra5 60. Rd8 Bf5 61. Rg8+ Bg6 62. gxh4+ Kxh4 63. Rh8+ Kg5 64.
h4+ gxh3 65. Bf3 Ra3+ 66. Kf2 Bf5 67. Rh5+ Kg6 68. Rh8 Be6 69. Rh4 Rc3 70. Rh8
Rc8 71. Rh4 Kg7 72. Kg3 Rh8 73. Rd4 Kf6 74. Kh2 Kg5 75. Bd5 Rd8 76. Bxe6 Rxd4
77. Bxf7 Kh4 0-1

[Event "BL 1516 Hamburger SK - SK Norderstedt"]
[Site "?"]
[Date "2015.12.11"]
[Round "7.6"]
[White "Mueller, Karsten"]
[Black "Polischuk, Viktor"]
[Result "1/2-1/2"]
[WhiteElo "2535"]
[BlackElo "2321"]
[PlyCount "109"]
[EventDate "2015.??.??"]

1. d4 Nf6 2. Nf3 e6 3. Bf4 c5 4. e3 d5 5. c3 Bd6 6. Ne5 O-O 7. Nd2 Bxe5 8. Bxe5
Nc6 9. Bg3 Qe7 10. f4 Ne4 11. Nxe4 dxe4 12. Bc4 cxd4 13. exd4 b6 14. O-O Na5
15. Be2 Bd7 16. a4 Nb7 17. Bf2 Nd6 18. a5 Nf5 19. Qd2 Bc6 20. c4 Rfd8 21. Rfd1
Qb7 22. Bf1 b5 23. a6 Qd7 24. b3 Rab8 25. Qc3 h6 26. g4 Ne7 27. Qe3 bxc4 28.
bxc4 Rb2 29. Rdb1 Rdb8 30. Rxb2 Rxb2 31. Qc3 Rb8 32. h3 Qc7 33. Bg3 f5 34. Bf2
fxg4 35. d5 exd5 36. cxd5 Nxd5 37. Bc4 Qd7 38. Rd1 Kh8 39. Qe5 Rd8 40. f5 Re8
41. Qd4 e3 42. Bg3 e2 43. Re1 Qxf5 44. Rxe2 Qb1+ 45. Kh2 Rxe2+ 46. Bxe2 Qc2 47.
Qc4 Qd2 48. Qxc6 Qxe2+ 49. Kg1 Qd1+ 50. Kh2 Qd2+ 51. Kh1 gxh3 52. Qc8+ Kh7 53.
Qf5+ Kg8 54. Qe6+ Kh8 55. Qc8+ 1/2-1/2

[Event "BL 1516 Hamburger SK - SK Norderstedt"]
[Site "?"]
[Date "2015.12.11"]
[Round "7.7"]
[White "Jochens, Arne"]
[Black "Heinemann, Thies"]
[Result "1/2-1/2"]
[WhiteElo "2267"]
[BlackElo "2459"]
[PlyCount "41"]
[EventDate "2015.??.??"]

1. c4 c5 2. g3 Nc6 3. Bg2 g6 4. Nc3 Bg7 5. Nf3 d6 6. O-O Bf5 7. d3 Qd7 8. a3
Bh3 9. Rb1 Bxg2 10. Kxg2 Bxc3 11. bxc3 f5 12. d4 O-O-O 13. Qa4 b6 14. dxc5 dxc5
15. Rd1 Qb7 16. Rxd8+ Nxd8 17. Be3 Qd7 18. Qa6+ Qb7 19. Qa4 Qd7 20. Qa6+ Qb7
21. Qa4 1/2-1/2

[Event "BL 1516 Hamburger SK - SK Norderstedt"]
[Site "?"]
[Date "2015.12.11"]
[Round "7.8"]
[White "Kramer, Julian"]
[Black "Kahlert, Thomas"]
[Result "1-0"]
[WhiteElo "2364"]
[BlackElo "2173"]
[PlyCount "203"]
[EventDate "2015.??.??"]

1. e4 e5 2. Nf3 Nc6 3. Bb5 a6 4. Ba4 Nf6 5. O-O Be7 6. d3 b5 7. Bb3 d6 8. a3
O-O 9. Nc3 Be6 10. Bg5 Qd7 11. Re1 h6 12. Bxf6 Bxf6 13. Nd5 Bd8 14. h3 Ne7 15.
d4 Ng6 16. dxe5 dxe5 17. Ne3 Be7 18. Bxe6 Qxe6 19. Qd5 Qxd5 20. Nxd5 Bd6 21. g3
f6 22. Red1 Kf7 23. Nxc7 Bxc7 24. Rd7+ Ne7 25. Rxc7 Rfc8 26. Rxc8 Rxc8 27. Rc1
Nc6 28. Kf1 Ke6 29. Ke2 Na5 30. Nd2 Kd6 31. c3 Ke6 32. b4 Nb7 33. c4 a5 34. Kd1
axb4 35. axb4 bxc4 36. Rxc4 Rb8 37. Rc7 Nd6 38. Rxg7 Rxb4 39. Rg6 Rd4 40. Ke2
Nxe4 41. Nxe4 Rxe4+ 42. Kf3 Ra4 43. Rxh6 Kf5 44. Rh8 Ra3+ 45. Kg2 Kg6 46. g4
Kg7 47. Rc8 Kg6 48. Rc4 Kg5 49. Re4 Rb3 50. Re3 Rb1 51. Rf3 Ra1 52. Rf5+ Kg6
53. h4 Rb1 54. h5+ Kg7 55. g5 fxg5 56. Rxg5+ Kf6 57. Rg3 Rb7 58. h6 Rh7 59. Rh3
Kg5 60. Kf3 Kf5 61. Ke3 Kg4 62. Rh2 Kf5 63. Rh1 e4 64. Rh2 Kg6 65. Kxe4 Re7+
66. Kf4 Kh7 67. Kg5 Re2 68. Kg4 Ra2 69. Kg3 Ra6 70. f3 Ra4 71. f4 Ra1 72. Kg4
Ra6 73. Rh5 Rg6+ 74. Kf5 Ra6 75. Kg4 Rg6+ 76. Kh4 Rg1 77. Rg5 Rf1 78. Kg4 Kxh6
79. Ra5 Kg6 80. Ra6+ Kf7 81. Kf5 Rf2 82. Ra7+ Kg8 83. Kg5 Rf1 84. f5 Rb1 85.
Kg6 Rg1+ 86. Kf6 Rb1 87. Ra8+ Kh7 88. Re8 Rf1 89. Re5 Kg8 90. Rd5 Rf2 91. Rd8+
Kh7 92. Rf8 Rf1 93. Ke7 Re1+ 94. Kf7 Rf1 95. f6 Re1 96. Re8 Rf1 97. Re2 Rh1 98.
Ke7 Ra1 99. f7 Ra7+ 100. Kf6 Ra6+ 101. Re6 Ra8 102. Re8 1-0

[Event "BL 1516 SV Hockenheim - SV Griesheim"]
[Site "?"]
[Date "2015.12.11"]
[Round "7.1"]
[White "Klekowski, Maciej"]
[Black "Wagner, Dennis"]
[Result "0-1"]
[WhiteElo "2465"]
[BlackElo "2586"]
[PlyCount "86"]
[EventDate "2015.??.??"]

1. d4 Nf6 2. c4 g6 3. g3 c6 4. Bg2 d5 5. Qa4 Bg7 6. e3 O-O 7. Ne2 Nbd7 8. cxd5
Nxd5 9. Nbc3 N7b6 10. Qa5 e5 11. O-O Bg4 12. dxe5 Bxe5 13. h3 Be6 14. Nd4 Bxd4
15. exd4 Nxc3 16. Qxc3 Bd5 17. Bh6 Re8 18. Rfe1 Rxe1+ 19. Rxe1 Bxg2 20. Kxg2
Nd5 21. Qf3 Qd7 22. Kh2 f6 23. a4 Kf7 24. Bd2 a6 25. b3 Re8 26. Rxe8 Qxe8 27.
g4 Qe6 28. Qd3 Ke7 29. Kg2 Kd7 30. f3 f5 31. Kf1 h5 32. gxh5 gxh5 33. Bg5 Kc7
34. Qd2 Qd6 35. Qd3 f4 36. Qh7+ Kb6 37. Qxh5 Qa3 38. Bd8+ Ka7 39. Qg6 Qxb3 40.
Kg2 Ne3+ 41. Kh2 Nf1+ 42. Kg2 Ng3 43. h4 Qd1 0-1

[Event "BL 1516 SV Hockenheim - SV Griesheim"]
[Site "?"]
[Date "2015.12.11"]
[Round "7.2"]
[White "Saric, Ivan"]
[Black "Bulski, Krzysztof"]
[Result "1/2-1/2"]
[WhiteElo "2654"]
[BlackElo "2524"]
[PlyCount "104"]
[EventDate "2015.??.??"]

1. e4 c5 2. Nf3 e6 3. d3 Nc6 4. g3 d6 5. Bg2 Nf6 6. O-O Be7 7. Re1 O-O 8. c3 b6
9. d4 d5 10. Ne5 Bb7 11. Nxc6 Bxc6 12. e5 Ne8 13. Nd2 cxd4 14. cxd4 Bb5 15. Nf3
Rc8 16. h4 Qc7 17. Bg5 Bxg5 18. hxg5 Qc2 19. Qxc2 Rxc2 20. b3 Nc7 21. Rec1
Rxc1+ 22. Rxc1 Rc8 23. Bf1 Bxf1 24. Kxf1 Kf8 25. Ke2 Ke7 26. Ke3 Kd7 27. Rh1
Rh8 28. Ne1 h5 29. gxh6 Rxh6 30. Rxh6 gxh6 31. Nd3 Ne8 32. Nf4 Ng7 33. g4 Ke7
34. f3 Kd7 35. b4 Ke7 36. a4 a5 37. b5 f5 38. exf6+ Kxf6 39. Nd3 Ne8 40. Ne5
Ke7 41. Kf4 Nd6 42. Kg3 Nc4 43. Nc6+ Kf6 44. Nb8 Kf7 45. Nc6 Nb2 46. Nxa5 Nxa4
47. Nc6 Nc3 48. Kf4 Nxb5 49. Ke5 Nc7 50. Kd6 Nb5+ 51. Ke5 Nc7 52. Kd6 Nb5+
1/2-1/2

[Event "BL 1516 SV Hockenheim - SV Griesheim"]
[Site "?"]
[Date "2015.12.11"]
[Round "7.3"]
[White "Tazbir, Marcin"]
[Black "Moiseenko, Alexander"]
[Result "1/2-1/2"]
[WhiteElo "2517"]
[BlackElo "2689"]
[PlyCount "102"]
[EventDate "2015.??.??"]

1. c4 e5 2. g3 c6 3. d4 Bb4+ 4. Bd2 Bxd2+ 5. Qxd2 d6 6. Nc3 Nf6 7. Bg2 O-O 8.
e3 Nbd7 9. Nge2 Re8 10. O-O e4 11. Qc2 Qe7 12. b4 Nb6 13. c5 Nc4 14. cxd6 Nxd6
15. Rfd1 Bg4 16. h3 Bf3 17. d5 Rac8 18. dxc6 Rxc6 19. Bxf3 exf3 20. Nd4 Qd7 21.
Qd3 Qxh3 22. Nxf3 Ng4 23. Qf1 Qh6 24. Rac1 Nc4 25. Nd5 Nce5 26. Qe2 Kf8 27. Kg2
Nxf3 28. Qxf3 Qh2+ 29. Kf1 Nxf2 30. Rxc6 bxc6 31. Qxf2 Qh3+ 32. Kg1 cxd5 33.
Rxd5 Qe6 34. Rd3 Rc8 35. Qd2 Qf6 36. Rd6 Qg5 37. Kg2 h6 38. e4 Qe7 39. Kf3 Kg8
40. a3 Kh7 41. Rd5 Qf6+ 42. Kg2 Rc4 43. Rf5 Qg6 44. Qd5 Rc7 45. b5 f6 46. a4
Qg4 47. Qd3 Qg6 48. Qd5 Rc3 49. Rf3 Rc2+ 50. Rf2 Rc3 51. Rf3 Rc2+ 1/2-1/2

[Event "BL 1516 SV Hockenheim - SV Griesheim"]
[Site "?"]
[Date "2015.12.11"]
[Round "7.4"]
[White "Buhmann, Rainer"]
[Black "Krassowizkij, Jaroslaw"]
[Result "1/2-1/2"]
[WhiteElo "2642"]
[BlackElo "2448"]
[PlyCount "129"]
[EventDate "2015.??.??"]

1. Nf3 d5 2. d4 Nf6 3. c4 e6 4. g3 c5 5. Bg2 Nc6 6. O-O Be7 7. cxd5 exd5 8.
dxc5 Bxc5 9. a3 Ne4 10. Nfd2 f5 11. Nxe4 dxe4 12. Qxd8+ Nxd8 13. Nc3 Be6 14.
Bf4 Nf7 15. Rac1 Rc8 16. Na4 Bd6 17. f3 exf3 18. Bxf3 b6 19. Rxc8+ Bxc8 20. Nc3
Bxf4 21. gxf4 O-O 22. Rc1 Rd8 23. Nb5 a6 24. Nd4 Rxd4 25. Rxc8+ Rd8 26. Rc7 a5
27. Bc6 Rd1+ 28. Kf2 Nd8 29. Bb5 Rd6 30. Bd3 Ne6 31. Bc4 Kf8 32. Ra7 h6 33. h4
g5 34. fxg5 hxg5 35. Bxe6 Rxe6 36. hxg5 Re5 37. Kf3 Rb5 38. Kf4 Rxb2 39. e3 Rb3
40. a4 Ra3 41. Rb7 Rxa4+ 42. Kxf5 Ra1 43. Rxb6 a4 44. Kf6 Rf1+ 45. Kg6 Ke7 46.
Ra6 Ra1 47. e4 a3 48. e5 Ra2 49. Kg7 Rg2 50. g6 a2 51. Kh7 Rh2+ 52. Kg8 Rg2 53.
g7 Rh2 54. Ra8 Ke6 55. Re8+ Kd7 56. Ra8 Ke6 57. Ra5 Rf2 58. Ra7 Kxe5 59. Kh7
Rh2+ 60. Kg6 Rg2+ 61. Kf7 Rf2+ 62. Ke7 Rg2 63. Ra5+ Kd4 64. g8=Q Rxg8 65. Rxa2
1/2-1/2

[Event "BL 1516 SV Hockenheim - SV Griesheim"]
[Site "?"]
[Date "2015.12.11"]
[Round "7.5"]
[White "Grabarczyk, Miroslaw"]
[Black "Baramidze, David"]
[Result "1/2-1/2"]
[WhiteElo "2429"]
[BlackElo "2597"]
[PlyCount "51"]
[EventDate "2015.??.??"]

1. d4 d5 2. c4 e6 3. Nf3 Nf6 4. cxd5 exd5 5. Nc3 c6 6. Bg5 Bf5 7. e3 Nbd7 8.
Bd3 Bxd3 9. Qxd3 Be7 10. O-O O-O 11. Qc2 a5 12. Rab1 Re8 13. a3 Nb6 14. Ne5
Nfd7 15. Bxe7 Rxe7 16. Nxd7 Qxd7 17. b3 Qd6 18. Ra1 Rf8 19. Ne2 a4 20. bxa4 Ra8
21. Nc3 Nc4 22. Qd3 Nb2 23. Qc2 Nc4 24. Qd3 Nb2 25. Qc2 Nc4 26. Qd3 1/2-1/2